000 00700nam a2200229Ia 4500
003 IN-BaIIA
008 211028s9999 xx 000 0 eng d
020 _a0-07-462231-8
040 _cIIA Library
080 _a681.32
_bMAL
100 _aMalvino, Albert Paul
_910727
245 0 _aDigital principles and applications
_cAlbert Paul Malvino and Donald P. Leach
250 _a4th ed.
260 _aNewDelhi
_bTata McGraw-Hill
_c1986
300 _a540p.
650 _aArithmatic Circuits
_928381
650 _aCircuit Analysis
_95820
650 _aCircuit Design
_94447
650 _aNumber system
_928382
700 _aLeach, Donald P.
_913297
942 _cBK
999 _c15371
_d15371